00929nam a2200241 a 450000100060000000300080000600500170001400800410003102000390007203500200011104000270013104100080015808200300016610000360019624500840023226000640031630000240038050400520040465000370045694200120049399900170050595201650052256563BD-RjUL20211209080418.0161201s1994 bg b f000 0 eng  a9845590454 :cTk45.00 ($5.00 U.S.) a(BD-RjUL)56687) aDLCcDLCbengdBD-RjUL aeng 223a362.5095492bDAP 19941 aDasgupta, Swapan Kumar.916789410aPoverty and food insecurity :bthe case of Bangladesh /cSwapan Kumar Dasgupta. aComilla :bBangladesh Academy for Rural Development,c1994. axi, 58 p. ;c23 cm. aIncludes bibliographical references (p. 54-58). 0aFood supplyzBangladesh.9142008 2ddccBK c56563d56563 00102ddc40708NFICaRUCLbRUCLcStackd2007-10-28eComilla, Ban.poli. union ecademyg45.00l0o362.5095492 DAP 1994r2016-12-01 00:00:00tC-2w2016-12-01yBK